| 000 | 01172nam a2200289 i 4500 | ||
|---|---|---|---|
| 001 | 190773 | ||
| 003 | ES-MaACL | ||
| 005 | 20251001145409.0 | ||
| 008 | 220704s2019 sp a 001 0cspa | ||
| 020 | _a978-84-949354-8-0 | ||
| 080 | _a929 Austria, Margarita de | ||
| 080 | _a929 Anne de Bretagne | ||
| 080 | _a929 Saboya, Luisa de | ||
| 080 | _a929 Catalina de Aragón | ||
| 100 | 1 |
_aMárquez de la Plata, Vicenta María. _977021 |
|
| 245 | 1 | 4 |
_aLas damas más inteligentes del siglo XVI / _cVicenta Márquez de la Plata. |
| 260 |
_a[Madrid] : _bEdiciones Casiopea, _c[2019] |
||
| 300 |
_a274 p. : _bil. ; _c21 cm. |
||
| 504 | _aReferencias bibliográficas. | ||
| 600 | 1 | 4 |
_aAustria, Margarita de, _cRegente de los Países Bajos, _d1480-1530 _9156233 |
| 600 | 0 | 4 |
_aAnne de Bretagne, _creine de France, _d1477-1514 _9174773 |
| 600 | 1 | 4 |
_aSaboya, Luisa de, _cDuquesa de Angulema, _d1476-1531 _9174774 |
| 600 | 0 | 7 |
_aCatalina de Aragón, _cReina consorte de Enrique VIII, Rey de Inglaterra, _d1485-1536 _2 _9138769 |
| 852 | 4 |
_aES-MaACL _jA-14992 _9197955 _bR.153335 _cDEPO1 _dOlim: N-7992 _hDonación: Editorial |
|
| 942 | _2udc | ||
| 999 |
_c190773 _d190773 |
||